000 00908nas a2200289 4500
001 BR2013003521
003 BR-BrBNA
005 20231205122305.0
007 ta
008 230509b bl.|||p| |||| 00| 00por d
040 _aBR-BrBNA
_bpor
_cBiblioteca Nacional de Agricultura
041 _a(Pt)
072 _aF30; H20; H10
100 1 _aSantos, K.L. dos
100 1 _aKatsuaryama, A.Y
100 1 _aDucroquet, J.P. H.J.
245 1 _aAvaliação de genótipos de goiabeira-serrana para utilização como porta-enxertos de cultivares comerciais
650 _aGENÉTICA
650 _aGOIABA
650 _aGENÓTIPO
650 _aIDENTIFICAÇÃO
650 _aPROPAGAÇÃO VEGETATIVA
650 _aPORTA ENXERTO
773 0 _tAgropecuária Catarinense (Brazil)
_xISSN 0103-0779
_g(Mar 2013), v. 26(1) p. 52-55
_wBR2013003521
909 _a202311
_bLúcia
_c55
_dLúcia Elande
942 _2AGRIS
_n0
_cANA
999 _c227891
_d227891